000 01062cab a2200277 4500
001 X97067
008 090401t1999 xxu||||| |||| 00| 0 eng d
035 _a(Sirsi) u91729
041 _aeng
245 _aDacorum BC v Wiedman
260 _c1999
350 _a0
490 _aPlanning Appeal Decisions
_v[1999] 14 PAD1-7(7)
520 _a25 August 1998. Replacement in same footprint of dwelling approved buildings destroyed by fire - conservation area - green belt -nearby listed buildings - PPGs 2, 13, 15 - highway safety - open rural area - structure and local plans - historic buiding appraisal - nearby similar devlopment [Taken from journal headnote].
650 _aCONSERVATION AREAS.
650 _aDACORUM BC V WIEDMAN
650 _aFIRE
650 _aGREEN BELT
650 _aLISTED BUILDINGS
650 _aPLANNING POLICY GUIDANCE NOTE 13
650 _aPPG15
650 _aPLANNING POLICY GUIDANCE NOTE 2 (GREEN BELTS)
690 _aENVIRONMENTAL AND LAND CONSULTANCY-PLANNING AND DEVELOPMENT
942 _n0
948 _c03/03/1999
999 _c58220
_d58220